Polyfunkčný centrum PERLA RUŽINOVA - Veža A, Mierová ul., Bratislava,\\Monolitická železobetónová konštrukcia s bezprievlakovými stropmi a stužujúcimi jadrami

Gespeichert in:
Bibliographische Detailangaben
1. Verfasser: Kulcsár, Imre (Verfasst von)
Weitere Verfasser: Abrahoim, Iyad (Betreuung Doktorarbeit)
Format: Manuskript Buch
Sprache:Slowakisch
Veröffentlicht: 2025
Schlagworte:
Online-Zugang:http://is.stuba.sk/zp/portal_zp.pl?podrobnosti=184144
CRZP
Tags: Tag hinzufügen
Keine Tags, Fügen Sie das erste Tag hinzu!

MARC

LEADER 00000ntm a22000003a 4500
001 stuzp105379
003 SK-STU
005 20250728113047.7
007 ta
008 150427s2015----xo-----f-mn---000-0-slo-d
040 |a STU  |b slo 
041 0 |a slo 
100 1 |a Kulcsár, Imre  |u 010110  |4 aut  |U SvF Stavebná fakulta  |T SvF Katedra betónových konštrukcií a mostov  |X 104647  |U V110  |Y 11  |7 104647 
242 0 1 |a Multifunctional apartment building PERLA RUŽINOVA, Mierová ul., Bratislava  |y eng 
245 1 0 |a Polyfunkčný centrum PERLA RUŽINOVA - Veža A, Mierová ul., Bratislava,\\Monolitická železobetónová konštrukcia s bezprievlakovými stropmi a stužujúcimi jadrami 
260 |c 2025 
650 4 |a column  |2 eng 
650 4 |a floor slab  |2 eng 
650 4 |a static analysis  |2 eng 
650 4 |a dynamic analysis  |2 eng 
650 4 |a statická analýza  |2 slo 
650 4 |a stĺp  |2 slo 
650 4 |a stropná doska  |2 slo 
650 4 |a dynamická analýza  |2 slo 
700 1 |a Abrahoim, Iyad  |u 010110  |k Z1  |4 ths  |U SvF Stavebná fakulta  |T SvF Katedra betónových konštrukcií a mostov  |X 981  |U V110  |Y 11  |7 A000000981 
856 4 |u http://is.stuba.sk/zp/portal_zp.pl?podrobnosti=184144 
856 4 |u https://opac.crzp.sk/?fn=detailBiblioForm&sid=226A7A544DA3649F675232E9F6D0  |z CRZP